Italia- 30 citta - Statistics

Statistiche generali
  • Questo quiz è stato fatto 805 volte
  • Il punteggio medio è 25 su 30
Statistiche sulle risposte
Regione Citta % Corretto
2 Lombardia Milano
100%
1 Lazio Roma
100%
3 Campania Napoli
99%
5 Sicilia Palermo
98%
4 Piemonte Torino
98%
8 Toscana Firenze
97%
6 Liguria Genova
97%
9 Puglia Bari
96%
7 Emilia Romagna Bologna
95%
11 Veneto Venezia
95%
12 Veneto Verona
88%
10 Sicilia Catania
87%
15 Friuli Venezia Giulia Trieste
86%
26 Sardegna Cagliari
85%
21 Calabria Reggio Calabria
84%
22 Emilia Romagna Reggio Emilia
84%
13 Sicilia Messina
82%
23 Umbria Perugia
80%
17 Lombardia Brescia
76%
28 Emilia Romagna Rimini
76%
14 Veneto Padova
74%
18 Emilia Romagna Parma
74%
29 Campania Salerno
74%
16 Puglia Taranto
73%
25 Toscana Livorno
72%
27 Puglia Foggia
71%
20 Emilia Romagna Modena
71%
24 Emilia Romagna Ravenna
66%
19 Toscana Prato
63%
30 Emilia Romagna Ferrara
62%
Nessun quiz corrispondente trovato
Distribuzione punteggi
Percentuale di utenti per punteggio
Percentile per numero di risposta
I tuoi punteggi nel tempo
Non hai fatto questo quiz